LDR 01091naa#a2200193#i#450# 001 RU\\bibl\20269 005 20260701191232.3 100 ## _a20260630b2026####ek#y0rusy0150####ca 102 ## _aRU 200 1# _aИССЛЕДОВАНИЕ ПРОГРАММНОГО ОБЕСПЕЧЕНИЯ «АВТОМАТИЗИРОВАННОЕ РАБОЧЕЕ МЕСТО ОТДЕЛ КАДРОВ» _eСтатья/тезисы конференции 210 1# _aВоронеж _cВоронежский государственный лесотехнический университет имени Г.Ф. Морозова _d2026 215 ## _a6 с. 608 ## _aСтатья/тезисы конференции _2local 675 ## _aИнформационные технологии. Компьютерные технологии. Теория вычислительных машин и систем. 004 _z 700 #1 _aСербин _gС. Д. 700 #1 _aСазонова _gС. А. 700 #1 _aАсминин _gВиктор Федорович 700 #1 _aАкамсина _gНадежда Валериевна 856 4# _abibl.vgltu.ru _u